| 000 | 00921nam a22002177a 4500 | ||
|---|---|---|---|
| 999 |
_c130071 _d130071 |
||
| 008 | 191118b ||||| |||| 00| 0 eng d | ||
| 050 | _aBP64.S8 R45 1992 | ||
| 100 |
_aHunwick, John O. _932189 |
||
| 245 |
_aReligion and national integration in Africa _bIslam, Christianity and politics in the Sudan and Nigeria _cJohn O. Hunwick |
||
| 260 |
_aIllinois _bNorthwestern University Press _c1992 |
||
| 300 |
_axii, 176p. ; _c23cm. |
||
| 650 |
_aIslam _xSocial aspects _zSudan _948788 |
||
| 650 |
_aIslam _xSocial aspects _zNigeria _948789 |
||
| 650 |
_aChristianity _xSocial aspects _zSudan _948790 |
||
| 650 |
_aChristianity _xSocial aspects _zNigeria _948791 |
||
| 650 |
_aIslam _xRelations _xChristianity _948792 |
||
| 650 |
_aChristianity and other religions _xIslam _948793 |
||
| 651 |
_aSudan _xPolitics and government _y1956- _948794 |
||
| 651 |
_aNigeria _xPolitics and government _y1960- _932498 |
||
| 942 |
_2lcc _cMONOGRAPH |
||